Villes les plus visitées dans le monde en images - Statistiques

Statistiques générales
  • Ce quiz a été pris 270 fois
  • Le résultat moyen est 17 sur 30
Statistiques - réponses
Par images Hint Réponse % Correct
16.1 million Paris
100%
20 million Londres
99%
7.3 million Rome
97%
12.4 million New York
96%
5.8 million Los Angeles
90%
16 million Dubaï
89%
12.5 million Tokyo
89%
8.9 million Barcelone
88%
8.7 million Amsterdam
82%
9.24 million Istanbul
69%
5.1 million Berlin
65%
8.4 million Milan
61%
6.65 million Shanghai
60%
13.45 million Singapour
59%
5.5 million Madrid
58%
20.2 million Bangkok
55%
9.25 million Hong Kong
55%
12.1 million Kuala Lumpur
54%
5.3 million Toronto
53%
6.4 million Prague
46%
12.44 million Séoul
40%
6.63 million Vienne
40%
6 million Miami
37%
5.59 million Dublin
33%
7.8 million Taipei
25%
5.4 million Munich
24%
5.35 million Mumbai
15%
7.9 million Osaka
12%
4.8 million Johannesburg
5%
5.7 million Chennai
2%
Aucun quiz correspondant
Distribution des résultats
% des personnes avec chaque résultat
Percentile par nombre de réponses
Votre historique - résultats
Vous n’avez pas pris ce quiz